[Event "Morava-ch U16"]
[Site "Loucna nad Desnou"]
[Date "2017.10.26"]
[Round "5"]
[White "Andel, Vit"]
[Black "Mavrev, David"]
[Result "0-1"]
[WhiteElo "1451"]
[BlackElo "1834"]
[PlyCount "54"]
[EventDate "2017.10.24"]
[EventType "swiss"]
[EventRounds "9"]
[EventCountry "CZE"]
[SourceTitle "EXT 2020"]
[Source "ChessBase"]
[SourceDate "2019.10.17"]
[SourceVersion "1"]
[SourceVersionDate "2019.10.17"]
[SourceQuality "1"]

1. e4 e6 2. d4 d5 3. e5 c5 4. c3 Nc6 5. f4 Qb6 6. Nf3 Bd7 7. a4 a6 8. Be2 Nh6 9. Na3 cxd4 10. cxd4 Bb4+ 11. Kf1 Nf5 12. Nc2 Be7 13. Kf2 h5 14. Qd3 Rc8 15. Rd1 0-0 16. Kf1 Na5 17. b4 Nc4 18. a5 Qc6 19. Rb1 Qc7 20. Qb3 Bb5 21. Kf2 Nxe5 22. fxe5 Qxc2 23. Qxc2 Rxc2 24. Rd2 Rfc8 25. Bxb5 axb5 26. Rxc2 Rxc2+ 27. Bd2 Rc4 0-1

[Event "Morava-ch U16"]
[Site "Loucna nad Desnou"]
[Date "2017.10.25"]
[Round "3"]
[White "Andel, Vit"]
[Black "Matus, Filip"]
[Result "1/2-1/2"]
[WhiteElo "1451"]
[BlackElo "1763"]
[PlyCount "67"]
[EventDate "2017.10.24"]
[EventType "swiss"]
[EventRounds "9"]
[EventCountry "CZE"]
[SourceTitle "EXT 2020"]
[Source "ChessBase"]
[SourceDate "2019.10.17"]
[SourceVersion "1"]
[SourceVersionDate "2019.10.17"]
[SourceQuality "1"]

1. e4 e6 2. d4 d5 3. e5 c5 4. c3 Qb6 5. f4 Bd7 6. Nf3 Nc6 7. Be2 Nge7 8. Na3 cxd4 9. Nxd4 Nxd4 10. Qxd4 Qxd4 11. cxd4 Nf5 12. Nc2 Rc8 13. Bd3 Ne7 14. Ke2 Nc6 15. b3 Nb4 16. Nxb4 Bxb4 17. Bb2 Ke7 18. Rac1 a6 19. h3 Rc6 20. Rxc6 Bxc6 21. g4 h5 22. g5 g6 23. h4 Rc8 24. Rc1 Kd8 25. a3 Be7 26. b4 Ba4 27. Rxc8+ Kxc8 28. Kd2 Kc7 29. Bc2 Bxc2 30. Kxc2 Kc6 31. Kb3 b6 32. a4 Kc7 33. b5 a5 34. Ba3 1/2-1/2